Small and Medium Enterprises {sme} Management and Development,Module vii (Record no. 2197)
[ view plain ]
| 000 -LEADER | |
|---|---|
| fixed length control field | 00372nam a22001337a 4500 |
| 008 - FIXED-LENGTH DATA ELEMENTS--GENERAL INFORMATION | |
| fixed length control field | 250310b |||||||| |||| 00| 0 eng d |
| 020 ## - INTERNATIONAL STANDARD BOOK NUMBER | |
| ISBN | 9789785527765 |
| 100 ## - MAIN ENTRY--AUTHOR | |
| Author | Awojobi |
| 245 ## - TITLE STATEMENT | |
| Title | Small and Medium Enterprises {sme} Management and Development,Module vii |
| 260 ## - PUBLICATION, DISTRIBUTION, ETC. (IMPRINT) | |
| Place of publication | Nigeria |
| Name of publisher | The CIBN Press Ltd |
| Date of publication | 2019 |
| 300 ## - COLLATION | |
| Pagination | vii,152p |
| 942 ## - ADDED ENTRY ELEMENTS (KOHA) | |
| Item type | Books |
| 050 ## - LIBRARY OF CONGRESS CALL NUMBER | |
| Classification number | HD62.7 |
| Item number | .S53 |
| Source of classification or shelving scheme | Not for loan | Permanent location | Current location | Date acquired | Accession No. | Full call number | Barcode. | Koha item type |
|---|---|---|---|---|---|---|---|---|
| Library of Congress Classification | Samuel Ogbemudia Main Library, University of Abuja | Samuel Ogbemudia Main Library, University of Abuja | 03/10/2025 | 2023/61669 | HD62.7.S53 | 2025-0436 | Books | |
| Library of Congress Classification | Samuel Ogbemudia Main Library, University of Abuja | Samuel Ogbemudia Main Library, University of Abuja | 03/10/2025 | 9780635558320 | HF5549.5.H37 | 2025-0437 | Books |